[Event "2016 Redpath Mining Millionaire Chess Open"]
[Site "Old Ed’s Sports Complex, Houghton, Johannesburg"]
[Date "2016.07.17"]
[Round "1"]
[Board "1"]
[White "Makoto, Rodwell"]
[Black "Hercules, Benjamin Vincent"]
[Result "1-0"]
[WhiteElo "2406"]
[BlackElo "2127"]
[PlyCount "0"]
[EventDate "2016.07.17"]
[EventRounds "15"]
[EventCountry "RSA"]

1. Nf3 {[%clk 0:15:16]} c5 {[%clk 0:15:18]} 2. c4 {[%clk 0:15:24]} Nc6
{[%clk 0:15:27]} 3. g3 {[%clk 0:15:33]} g6 {[%clk 0:15:36]} 4. Bg2
{[%clk 0:15:42]} Bg7 {[%clk 0:15:44]} 5. O-O {[%clk 0:15:49]} d6 {[%clk 0:15:51]}
6. Nc3 {[%clk 0:15:57]} a6 {[%clk 0:15:51]} 7. Rb1 {[%clk 0:15:46]} Rb8
{[%clk 0:15:46]} 8. a3 {[%clk 0:15:12]} b5 {[%clk 0:14:38]} 9. cxb5
{[%clk 0:15:18]} axb5 {[%clk 0:14:47]} 10. b4 {[%clk 0:15:25]} cxb4
{[%clk 0:14:15]} 11. axb4 {[%clk 0:15:34]} Nf6 {[%clk 0:14:14]} 12. d4
{[%clk 0:15:34]} Bf5 {[%clk 0:13:58]} 13. Rb3 {[%clk 0:15:37]} d5
{[%clk 0:12:32]} 14. Ne5 {[%clk 0:15:17]} Nxe5 {[%clk 0:10:20]} 15. dxe5 Nd7 16.
Nxd5 {[%clk 0:13:14]} Nxe5 {[%clk 0:10:05]} 17. Bf4 {[%clk 0:11:52]} O-O
{[%clk 0:09:56]} 18. Re3 {[%clk 0:11:31]} Qd6 {[%clk 0:09:23]} 19. Qa1
{[%clk 0:07:06]} Ra8 {[%clk 0:04:09]} 20. Nxe7+ {[%clk 0:06:04]} Qxe7
{[%clk 0:04:00]} 21. Bxa8 {[%clk 0:06:13]} Re8 {[%clk 0:02:14]} 22. Bc6
{[%clk 0:05:11]} Nf3+ {[%clk 0:01:10]} 23. Bxf3 {[%clk 0:05:19]} 1-0

[Event "2016 Redpath Mining Millionaire Chess Open"]
[Site "Old Ed’s Sports Complex, Houghton, Johannesburg"]
[Date "2016.07.17"]
[Round "1"]
[Board "2"]
[White "Jere, Daniel"]
[Black "Simutowe, Musatwe"]
[Result "1/2-1/2"]
[WhiteElo "2368"]
[BlackElo "2163"]
[PlyCount "0"]
[EventDate "2016.07.17"]
[EventRounds "15"]
[EventCountry "RSA"]

1. c4 {[%clk 0:15:15]} Nf6 {[%clk 0:15:19]} 2. g3 {[%clk 0:15:20]} e6
{[%clk 0:15:28]} 3. Bg2 {[%clk 0:15:26]} d5 {[%clk 0:15:37]} 4. Nf3
{[%clk 0:15:27]} Be7 {[%clk 0:15:46]} 5. O-O {[%clk 0:15:34]} O-O
{[%clk 0:15:55]} 6. b3 {[%clk 0:15:43]} c5 {[%clk 0:16:04]} 7. Bb2
{[%clk 0:15:51]} Nc6 {[%clk 0:16:12]} 8. e3 {[%clk 0:15:59]} b6 {[%clk 0:16:22]}
9. Nc3 {[%clk 0:16:07]} Bb7 {[%clk 0:16:31]} 10. cxd5 {[%clk 0:15:57]} Nxd5
{[%clk 0:16:39]} 11. Nxd5 {[%clk 0:16:05]} Qxd5 {[%clk 0:16:46]} 12. d4
{[%clk 0:16:14]} Qf5 {[%clk 0:16:54]} 13. dxc5 {[%clk 0:15:56]} Rad8
{[%clk 0:17:03]} 14. Qe2 {[%clk 0:16:05]} Bxc5 {[%clk 0:17:02]} 15. Nh4
{[%clk 0:15:56]} Qg5 {[%clk 0:16:33]} 16. a3 {[%clk 0:15:56]} a5 {[%clk 0:16:31]}
17. Rac1 {[%clk 0:15:46]} Rc8 {[%clk 0:13:49]} 18. Rfd1 {[%clk 0:14:37]} Qe7
{[%clk 0:13:27]} 19. Qg4 {[%clk 0:12:54]} f6 {[%clk 0:11:43]} 20. Bf1
{[%clk 0:10:12]} f5 {[%clk 0:10:17]} 21. Qh5 {[%clk 0:08:18]} Nd8
{[%clk 0:07:18]} 22. Bc4 {[%clk 0:06:18]} Be4 {[%clk 0:05:09]} 23. b4
{[%clk 0:03:25]} axb4 {[%clk 0:04:59]} 24. axb4 {[%clk 0:03:33]} Bxb4
{[%clk 0:04:55]} 25. f3 {[%clk 0:03:41]} b5 {[%clk 0:04:20]} 26. Bb3
{[%clk 0:02:57]} Rxc1 {[%clk 0:04:26]} 27. Rxc1 {[%clk 0:02:40]} Bd3
{[%clk 0:04:08]} 28. Ng2 {[%clk 0:02:36]} Nf7 {[%clk 0:03:31]} 29. Nf4
{[%clk 0:02:30]} Bc4 {[%clk 0:03:41]} 30. Bxc4 {[%clk 0:02:35]} bxc4
{[%clk 0:03:50]} 31. Rxc4 {[%clk 0:02:44]} Bd2 {[%clk 0:03:45]} 32. Bd4
{[%clk 0:01:54]} e5 {[%clk 0:03:31]} 33. Bc5 {[%clk 0:02:02]} Bxe3+
{[%clk 0:03:15]} 34. Bxe3 {[%clk 0:02:06]} exf4 {[%clk 0:03:24]} 35. Bf2
{[%clk 0:01:51]} fxg3 {[%clk 0:03:31]} 36. hxg3 {[%clk 0:01:59]} Ne5
{[%clk 0:03:13]} 37. Rc3 {[%clk 0:02:06]} Qf7 {[%clk 0:03:10]} 38. Qg5
{[%clk 0:02:06]} h6 {[%clk 0:03:18]} 39. Qf4 {[%clk 0:02:10]} Qd5
{[%clk 0:03:18]} 40. Kg2 {[%clk 0:02:12]} Ng4 {[%clk 0:03:20]} 41. Rc5
{[%clk 0:02:05]} Qb7 {[%clk 0:02:52]} 42. Qc4+ {[%clk 0:01:43]} Kh7
{[%clk 0:02:32]} 43. Rc7 {[%clk 0:01:46]} Qa8 {[%clk 0:02:30]} 44. Bd4
{[%clk 0:01:49]} Nf6 {[%clk 0:02:28]} 45. Qe6 {[%clk 0:01:52]} Ne8
{[%clk 0:01:07]} 46. Ra7 {[%clk 0:00:36]} Qd8 {[%clk 0:01:08]} 47. Rd7
{[%clk 0:00:33]} Qg5 {[%clk 0:01:11]} 48. Bc5 {[%clk 0:00:26]} Rg8
{[%clk 0:01:11]} 49. Rf7 {[%clk 0:00:34]} f4 {[%clk 0:01:08]} 50. Qe4+
{[%clk 0:00:34]} Kh8 {[%clk 0:01:15]} 51. Bf2 {[%clk 0:00:29]} fxg3
{[%clk 0:01:23]} 52. Bd4 {[%clk 0:00:37]} Nd6 {[%clk 0:01:24]} 53. f4
{[%clk 0:00:15]} Nxe4 {[%clk 0:01:15]} 54. fxg5 {[%clk 0:00:23]} Nxg5 55. Re7
{[%clk 0:00:40]} Kh7 {[%clk 0:01:25]} 56. Kxg3 {[%clk 0:00:40]} Kg6
{[%clk 0:01:34]} 57. Ba1 {[%clk 0:01:10]} Nf7 {[%clk 0:02:19]} 58. Kg4
{[%clk 0:01:15]} Ra8 {[%clk 0:02:27]} 59. Re6+ {[%clk 0:01:15]} Kh7
{[%clk 0:02:27]} 60. Bb2 {[%clk 0:01:15]} Ra4+ {[%clk 0:02:27]} 61. Kg3
{[%clk 0:01:15]} Rb4 {[%clk 0:02:27]} 62. Ba1 {[%clk 0:01:15]} Rb5
{[%clk 0:02:27]} 63. Re7 {[%clk 0:01:15]} Rf5 {[%clk 0:02:27]} 64. Kg4
{[%clk 0:01:15]} Rf1 {[%clk 0:02:27]} 65. Bc3 {[%clk 0:01:22]} Rg1+
{[%clk 0:02:32]} 66. Kf4 {[%clk 0:01:27]} Nd6 {[%clk 0:02:40]} 67. Rd7
{[%clk 0:01:32]} Nb5 {[%clk 0:02:37]} 68. Be5 {[%clk 0:01:38]} Na3
{[%clk 0:02:42]} 69. Rc7 {[%clk 0:01:43]} Nb1 {[%clk 0:02:48]} 70. Rd7
{[%clk 0:01:46]} Rg2 {[%clk 0:02:54]} 71. Kf3 {[%clk 0:01:52]} Rg5
{[%clk 0:03:02]} 72. Kf4 {[%clk 0:01:59]} Na3 {[%clk 0:03:09]} 73. Rc7
{[%clk 0:02:06]} Nb5 {[%clk 0:03:18]} 74. Rc5 {[%clk 0:02:08]} Na3
{[%clk 0:03:10]} 75. Rc7 {[%clk 0:02:14]} Rg1 {[%clk 0:03:17]} 76. Kf3
{[%clk 0:02:17]} h5 {[%clk 0:03:11]} 77. Kf4 {[%clk 0:02:15]} Rg4+
{[%clk 0:03:20]} 78. Kf5 {[%clk 0:02:20]} Nc4 {[%clk 0:03:29]} 79. Rx

[Event "2016 Redpath Mining Millionaire Chess Open"]
[Site "Old Ed’s Sports Complex, Houghton, Johannesburg"]
[Date "2016.07.17"]
[Round "1"]
[Board "3"]
[White "De Abreu, Roberto N"]
[Black "Oatlhotse, Providence"]
[Result "1-0"]
[WhiteElo "2057"]
[BlackElo "2250"]
[PlyCount "0"]
[EventDate "2016.07.17"]
[EventRounds "15"]
[EventCountry "RSA"]

1. d4 {[%clk 0:15:14]} Nf6 {[%clk 0:15:19]} 2. c4 {[%clk 0:15:23]} b6
{[%clk 0:15:28]} 3. f3 {[%clk 0:15:27]} c5 {[%clk 0:14:58]} 4. d5
{[%clk 0:14:56]} g6 {[%clk 0:14:58]} 5. e4 {[%clk 0:14:53]} d6 {[%clk 0:15:04]}
6. Nc3 {[%clk 0:14:13]} Bg7 {[%clk 0:15:13]} 7. Be3 {[%clk 0:13:53]} O-O
{[%clk 0:15:15]} 8. Bd3 {[%clk 0:13:02]} e6 {[%clk 0:15:16]} 9. Nge2
{[%clk 0:11:56]} exd5 {[%clk 0:14:43]} 10. cxd5 {[%clk 0:10:17]} Na6
{[%clk 0:14:33]} 11. Qd2 {[%clk 0:09:33]} Re8 {[%clk 0:14:18]} 12. g4
{[%clk 0:09:03]} Nc7 {[%clk 0:13:44]} 13. h4 {[%clk 0:08:50]} Rb8
{[%clk 0:13:16]} 14. Bh6 {[%clk 0:06:54]} Bh8 {[%clk 0:12:38]} 15. h5
{[%clk 0:05:50]} b5 {[%clk 0:12:25]} 16. Nf4 {[%clk 0:05:44]} c4 {[%clk 0:09:54]}
17. Be2 {[%clk 0:05:20]} b4 {[%clk 0:09:22]} 18. Nd1 {[%clk 0:05:18]} Bxg4
{[%clk 0:05:19]} 19. Bg5 {[%clk 0:05:27]} c3 {[%clk 0:02:49]} 20. bxc3
{[%clk 0:05:35]} Bd7 {[%clk 0:02:31]} 21. hxg6 {[%clk 0:05:26]} fxg6
{[%clk 0:02:03]} 22. c4 {[%clk 0:05:11]} Na6 {[%clk 0:01:26]} 23. Qc2
{[%clk 0:02:52]} Nc5 {[%clk 0:01:10]} 24. Bd3 {[%clk 0:02:39]} Qb6
{[%clk 0:00:56]} 25. Qh2 {[%clk 0:01:36]} Nxd3+ {[%clk 0:00:18]} 26. Nxd3
{[%clk 0:01:45]} Re7 {[%clk 0:00:27]} 27. c5 {[%clk 0:01:26]} dxc5
{[%clk 0:00:28]} 28. Ne5 {[%clk 0:01:19]} Bg7 {[%clk 0:00:15]} 29. Ne3
{[%clk 0:00:49]} Rxe5 {[%clk 0:00:16]} 30. Nc4 {[%clk 0:00:49]} Qa6
{[%clk 0:00:15]} 31. Nxe5 {[%clk 0:00:47]} Re8 {[%clk 0:00:23]} 32. Nxd7
{[%clk 0:00:45]} Nxd7 {[%clk 0:00:30]} 33. Qxh7+ {[%clk 0:00:49]} Kf7
{[%clk 0:00:38]} 34. Bh6 {[%clk 0:00:41]} Rg8 {[%clk 0:00:47]} 35. Bxg7
{[%clk 0:00:49]} Rxg7 {[%clk 0:00:57]} 36. Qh3 {[%clk 0:00:57]} Ne5 37. Qe6+
{[%clk 0:00:30]} Qxe6 {[%clk 0:01:04]} 38. dxe6+ {[%clk 0:00:39]} Kxe6
{[%clk 0:01:13]} 39. Ke2 {[%clk 0:00:42]} c4 {[%clk 0:01:02]} 40. Rab1
{[%clk 0:00:48]} a5 {[%clk 0:01:08]} 41. a3 {[%clk 0:00:54]} b3 {[%clk 0:00:58]}
42. Rhc1 {[%clk 0:00:47]} Rc7 {[%clk 0:00:41]} 43. Rxb3 {[%clk 0:00:19]} cxb3
{[%clk 0:00:20]} 44. Rxc7 {[%clk 0:00:28]} b2 {[%clk 0:00:28]} 45. Rb7
{[%clk 0:00:31]} Nc4 {[%clk 0:00:33]} 46. Kd3 {[%clk 0:00:28]} Ne5+
{[%clk 0:00:33]} 47. Ke2 {[%clk 0:00:36]} Nc4 {[%clk 0:00:42]} 48. Kd3
{[%clk 0:00:45]} Ne5+ 49. Kc2 {[%clk 0:00:43]} Nxf3 {[%clk 0:00:56]} 50. Rb6+
{[%clk 0:00:35]} Ke5 {[%clk 0:00:17]} 51. Rxg6 {[%clk 0:00:43]} Kxe4 52. Kxb2
{[%clk 0:00:51]} Nd4 {[%clk 0:00:20]} 53. Ra6 {[%clk 0:00:51]} Kd5
{[%clk 0:00:14]} 54. Rxa5+ {[%clk 0:01:00]} Kc6 {[%clk 0:00:18]} 55. Rh5
{[%clk 0:01:09]} Kb6 {[%clk 0:00:23]} 56. Kc3 {[%clk 0:01:15]} Nb5+
{[%clk 0:00:32]} 57. Kb4 {[%clk 0:01:23]} Nc7 {[%clk 0:00:40]} 58. Rh6+
{[%clk 0:01:31]} Kb7 59. a4 {[%clk 0:01:36]} Na6+ {[%clk 0:00:55]} 60. Kb5
{[%clk 0:01:32]} Nc7+ {[%clk 0:01:05]} 61. Kc4 {[%clk 0:01:30]} Na6
{[%clk 0:00:58]} 62. a5 {[%clk 0:01:30]} Nc7 {[%clk 0:01:03]} 63. Rh7
{[%clk 0:01:35]} Kc6 {[%clk 0:01:02]} 64. Rh6+ {[%clk 0:01:31]} Kb7
{[%clk 0:01:11]} 65. Rb6+ {[%clk 0:01:33]} Ka7 {[%clk 0:01:21]} 66. Kc5
{[%clk 0:01:27]} Na6+ 67. Kb5 {[%clk 0:01:20]} Nc7+ {[%clk 0:01:24]} 68. Kc6
{[%clk 0:01:27]} Ne6 {[%clk 0:01:29]} 69. a6 {[%clk 0:00:37]} Nd4+
{[%clk 0:01:13]} 70. Kc5 {[%clk 0:00:43]} Ne2 {[%clk 0:00:49]} 71. Kb5
{[%clk 0:00:30]} Nc3+ {[%clk 0:00:38]} 72. Ka5 {[%clk 0:00:39]} Ne4
{[%clk 0:00:14]} 73. Rh6 {[%clk 0:00:41]} Nd2 {[%clk 0:00:18]} 74. Rh7+
{[%clk 0:00:48]} Kb8 {[%clk 0:00:22]} 75. a7+ {[%clk 0:00:53]} Ka8
{[%clk 0:00:30]} 76. Ka6 {[%clk 0:00:58]} 1-0

[Event "2016 Redpath Mining Millionaire Chess Open"]
[Site "Old Ed’s Sports Complex, Houghton, Johannesburg"]
[Date "2016.07.17"]
[Round "1"]
[Board "4"]
[White "Van Rensburg, Ryan Pierre"]
[Black "Mwale, Joseph"]
[Result "1-0"]
[WhiteElo "2220"]
[BlackElo "2076"]
[PlyCount "0"]
[EventDate "2016.07.17"]
[EventRounds "15"]
[EventCountry "RSA"]

1. d4 {[%clk 0:15:19]} Nf6 {[%clk 0:12:33]} 2. c4 {[%clk 0:15:28]} e6
{[%clk 0:12:36]} 3. Nc3 {[%clk 0:15:37]} Bb4 {[%clk 0:12:41]} 4. e3
{[%clk 0:15:46]} d5 {[%clk 0:12:30]} 5. Nge2 {[%clk 0:15:50]} dxc4
{[%clk 0:12:06]} 6. a3 {[%clk 0:15:59]} Be7 {[%clk 0:11:44]} 7. Nf4
{[%clk 0:15:24]} c5 {[%clk 0:11:41]} 8. Bxc4 {[%clk 0:15:04]} cxd4
{[%clk 0:11:46]} 9. exd4 {[%clk 0:15:10]} O-O {[%clk 0:11:53]} 10. O-O
{[%clk 0:15:00]} a6 {[%clk 0:11:17]} 11. a4 {[%clk 0:14:10]} Qc7 {[%clk 0:11:10]}
12. Qe2 {[%clk 0:14:18]} Nc6 {[%clk 0:11:09]} 13. Rd1 {[%clk 0:14:18]} Rd8
{[%clk 0:10:45]} 14. Be3 {[%clk 0:13:19]} Nxd4 {[%clk 0:09:42]} 15. Bxd4
{[%clk 0:11:56]} Qxf4 {[%clk 0:09:47]} 16. Be5 {[%clk 0:12:04]} Qf5
{[%clk 0:08:19]} 17. Rxd8+ {[%clk 0:11:41]} Bxd8 {[%clk 0:08:27]} 18. Rd1
{[%clk 0:11:49]} Be7 {[%clk 0:08:28]} 19. a5 {[%clk 0:10:52]} Nd7
{[%clk 0:08:06]} 20. Bd4 {[%clk 0:07:39]} Qxa5 {[%clk 0:08:02]} 21. Bxe6
{[%clk 0:07:39]} Qg5 {[%clk 0:06:40]} 22. f4 {[%clk 0:07:04]} Qh4
{[%clk 0:03:31]} 23. g3 {[%clk 0:06:37]} Qh6 {[%clk 0:03:36]} 24. Bxd7
{[%clk 0:06:34]} Bxd7 {[%clk 0:03:44]} 25. Qxe7 {[%clk 0:06:43]} Bc6
{[%clk 0:03:48]} 26. Qg5 {[%clk 0:06:43]} Qxg5 {[%clk 0:03:50]} 27. fxg5
{[%clk 0:06:53]} a5 {[%clk 0:03:43]} 28. Bb6 {[%clk 0:06:48]} a4 {[%clk 0:03:50]}
29. Rd8+ {[%clk 0:06:37]} Rxd8 {[%clk 0:03:58]} 30. Bxd8 {[%clk 0:06:46]} Kf8
{[%clk 0:03:57]} 31. Kf2 {[%clk 0:06:55]} Ke8 {[%clk 0:04:06]} 32. Ba5
{[%clk 0:07:03]} Kd7 {[%clk 0:04:15]} 33. Ke3 {[%clk 0:07:12]} Ke6
{[%clk 0:04:23]} 34. Kd4 {[%clk 0:07:08]} Kf5 {[%clk 0:04:27]} 35. h4
{[%clk 0:07:15]} Kg4 {[%clk 0:02:12]} 36. Bc7 {[%clk 0:07:24]} Kf3
{[%clk 0:02:20]} 37. Bf4 {[%clk 0:07:18]} Bd7 {[%clk 0:01:38]} 38. Kc5
{[%clk 0:07:19]} Bc6 {[%clk 0:01:47]} 39. Kb4 {[%clk 0:07:18]} Bd7
{[%clk 0:01:33]} 40. Nxa4 {[%clk 0:07:25]} Bc6 {[%clk 0:01:35]} 41. Nc3
{[%clk 0:07:31]} 1-0

[Event "2016 Redpath Mining Millionaire Chess Open"]
[Site "Old Ed’s Sports Complex, Houghton, Johannesburg"]
[Date "2016.07.17"]
[Round "2"]
[Board "1"]
[White "Hercules, Benjamin Vincent"]
[Black "Makoto, Rodwell"]
[Result "1/2-1/2"]
[WhiteElo "2127"]
[BlackElo "2406"]
[PlyCount "0"]
[EventDate "2016.07.17"]
[EventRounds "15"]
[EventCountry "RSA"]

1. d4 {[%clk 0:15:18]} e6 {[%clk 0:15:18]} 2. c4 {[%clk 0:15:25]} Nf6
{[%clk 0:15:24]} 3. Nc3 {[%clk 0:15:30]} d5 {[%clk 0:15:33]} 4. cxd5
{[%clk 0:15:34]} exd5 {[%clk 0:15:41]} 5. Bg5 {[%clk 0:15:42]} Bb4
{[%clk 0:15:51]} 6. e3 {[%clk 0:15:43]} O-O {[%clk 0:15:49]} 7. Bd3
{[%clk 0:15:45]} c5 {[%clk 0:15:56]} 8. dxc5 {[%clk 0:15:27]} Nbd7
{[%clk 0:15:58]} 9. Nge2 {[%clk 0:14:58]} Nxc5 {[%clk 0:16:02]} 10. O-O
{[%clk 0:14:50]} Bxc3 {[%clk 0:15:12]} 11. Nxc3 {[%clk 0:14:47]} Be6
{[%clk 0:14:04]} 12. Bc2 {[%clk 0:14:23]} h6 {[%clk 0:12:41]} 13. Bh4
{[%clk 0:14:24]} Rc8 {[%clk 0:12:22]} 14. Qd4 {[%clk 0:14:23]} Qe7
{[%clk 0:10:47]} 15. Bxf6 {[%clk 0:13:52]} Qxf6 {[%clk 0:10:51]} 16. Qxf6
{[%clk 0:14:00]} gxf6 {[%clk 0:11:00]} 17. Rfd1 {[%clk 0:13:56]} Rfd8
{[%clk 0:10:21]} 18. Rd4 {[%clk 0:13:42]} Ne4 {[%clk 0:10:18]} 19. Bxe4
{[%clk 0:11:17]} dxe4 {[%clk 0:10:25]} 20. Nxe4 {[%clk 0:06:16]} Rxd4
{[%clk 0:09:13]} 21. exd4 {[%clk 0:06:25]} Rc2 {[%clk 0:06:36]} 22. d5
{[%clk 0:04:30]} Bf5 {[%clk 0:06:45]} 23. Nd6 {[%clk 0:04:39]} Bd7
{[%clk 0:06:52]} 24. Nxb7 {[%clk 0:04:31]} Rxb2 {[%clk 0:06:21]} 25. Nc5
{[%clk 0:04:39]} Bf5 {[%clk 0:06:17]} 26. Rd1 {[%clk 0:03:49]} Rb5
{[%clk 0:06:05]} 27. Nb3 {[%clk 0:03:36]} Bc2 {[%clk 0:06:05]} 28. Rd4
{[%clk 0:02:49]} Bxb3 {[%clk 0:06:13]} 29. axb3 {[%clk 0:02:58]} Rxb3
{[%clk 0:06:22]} 30. f4 {[%clk 0:02:35]} Kf8 {[%clk 0:06:29]} 31. Ra4
{[%clk 0:02:33]} Rb5 {[%clk 0:06:32]} 32. d6 {[%clk 0:02:27]} a5 {[%clk 0:06:41]}
33. Rd4 {[%clk 0:02:21]} Ke8 {[%clk 0:06:50]} 34. Kf2 {[%clk 0:02:27]} Kd7
{[%clk 0:06:59]} 35. Kf3 {[%clk 0:02:30]} Rb4 {[%clk 0:06:51]} 36. Rd5
{[%clk 0:02:33]} a4 {[%clk 0:06:59]} 37. Kg4 {[%clk 0:02:33]} a3 {[%clk 0:06:03]}
38. Ra5 {[%clk 0:02:06]} Kxd6 {[%clk 0:06:12]} 39. Ra6+ {[%clk 0:01:44]} Ke7
{[%clk 0:06:21]} 40. Rxa3 {[%clk 0:01:44]} Rb2 {[%clk 0:06:29]} 41. Kh3
{[%clk 0:00:52]} Kf8 {[%clk 0:06:37]} 42. Kg3 {[%clk 0:00:53]} Kg7
{[%clk 0:06:46]} 43. h3 {[%clk 0:01:02]} Rc2 {[%clk 0:06:53]} 44. Ra5
{[%clk 0:01:03]} Rb2 {[%clk 0:06:58]} 45. Kf3 {[%clk 0:01:11]} Rc2
{[%clk 0:07:04]} 46. g3 {[%clk 0:01:19]} Rb2 {[%clk 0:07:10]} 47. Kg4
{[%clk 0:01:27]} Rb3 {[%clk 0:07:18]} 48. Kh4 {[%clk 0:01:25]} Rc3
{[%clk 0:07:27]} 49. Kg4 {[%clk 0:01:17]} Rb3 {[%clk 0:07:36]} 50. Ra4
{[%clk 0:01:18]} Rc3 {[%clk 0:07:44]} 51. h4 {[%clk 0:01:03]} Rb3
{[%clk 0:07:51]} 52. Ra5 {[%clk 0:01:09]} Rc3 {[%clk 0:07:59]} 53. h5
{[%clk 0:01:09]} Rb3 {[%clk 0:08:07]} 54. Rd5 {[%clk 0:01:17]} Ra3
{[%clk 0:08:13]} 55. Rd4 {[%clk 0:01:16]} Rb3 {[%clk 0:08:21]} 56. Ra4
{[%clk 0:01:24]} Rc3 {[%clk 0:08:29]} 57. Rd4 {[%clk 0:01:14]} Ra3
{[%clk 0:08:37]} 58. Kh3 {[%clk 0:01:23]} Rc3 {[%clk 0:08:45]} 59. Kg2
{[%clk 0:01:30]} Rc5 {[%clk 0:08:48]} 60. g4 {[%clk 0:01:26]} f5 {[%clk 0:08:50]}
61. Kg3 {[%clk 0:01:04]} fxg4 {[%clk 0:08:58]} 62. Kxg4 {[%clk 0:01:13]} Rc1
{[%clk 0:09:05]} 63. Rd3 {[%clk 0:01:09]} Rg1+ {[%clk 0:09:08]} 64. Kf5
{[%clk 0:01:16]} Rg2 {[%clk 0:09:12]} 65. Rh3 {[%clk 0:01:19]} Ra2
{[%clk 0:09:13]} 66. Rg3+ {[%clk 0:01:26]} Kf8 {[%clk 0:09:22]} 67. Re3
{[%clk 0:01:11]} Ra6 {[%clk 0:09:20]} 68. Re5 {[%clk 0:01:02]} Rb6
{[%clk 0:09:28]} 69. Ra5 {[%clk 0:01:04]} Kg7 {[%clk 0:09:35]} 70. Ke5
{[%clk 0:01:01]} Re6+ {[%clk 0:09:41]} 71. Kf5 {[%clk 0:01:03]} Rf6+
{[%clk 0:09:50]} 72. Kg4 {[%clk 0:01:11]} Rc6 {[%clk 0:10:00]} 73. Rb5
{[%clk 0:01:13]} Ra6 {[%clk 0:10:07]} 74. Rd5 {[%clk 0:01:16]} Rb6
{[%clk 0:10:10]} 75. Kf5 {[%clk 0:01:22]} Rf6+ {[%clk 0:10:18]} 76. Ke5
{[%clk 0:01:29]} Re6+ {[%clk 0:10:27]} 77. Kd4 {[%clk 0:01:35]} Kf6
{[%clk 0:10:29]} 78. Kc5 {[%clk 0:01:

[Event "2016 Redpath Mining Millionaire Chess Open"]
[Site "Old Ed’s Sports Complex, Houghton, Johannesburg"]
[Date "2016.07.17"]
[Round "2"]
[Board "2"]
[White "Simutowe, Musatwe"]
[Black "Jere, Daniel"]
[Result "1/2-1/2"]
[WhiteElo "2163"]
[BlackElo "2368"]
[PlyCount "0"]
[EventDate "2016.07.17"]
[EventRounds "15"]
[EventCountry "RSA"]

1. e4 {[%clk 0:15:16]} e6 {[%clk 0:15:10]} 2. d4 {[%clk 0:15:25]} d5
{[%clk 0:15:18]} 3. Nc3 {[%clk 0:15:33]} Nf6 {[%clk 0:15:26]} 4. e5
{[%clk 0:15:43]} Nfd7 {[%clk 0:15:35]} 5. f4 {[%clk 0:15:52]} c5 {[%clk 0:15:44]}
6. Nf3 {[%clk 0:16:01]} Nc6 {[%clk 0:15:54]} 7. Be3 {[%clk 0:16:09]} a6
{[%clk 0:16:03]} 8. Qd2 {[%clk 0:16:19]} b5 {[%clk 0:16:12]} 9. dxc5
{[%clk 0:16:28]} Bxc5 {[%clk 0:16:14]} 10. Bxc5 {[%clk 0:16:37]} Nxc5
{[%clk 0:16:22]} 11. Qf2 {[%clk 0:16:46]} Qb6 {[%clk 0:16:26]} 12. Bd3
{[%clk 0:16:55]} b4 {[%clk 0:16:15]} 13. Ne2 {[%clk 0:17:03]} a5 {[%clk 0:16:23]}
14. O-O {[%clk 0:15:46]} Ba6 {[%clk 0:16:13]} 15. Kh1 {[%clk 0:15:52]} Rb8
{[%clk 0:16:07]} 16. Rad1 {[%clk 0:15:56]} Ne4 {[%clk 0:15:50]} 17. Qxb6
{[%clk 0:15:50]} Rxb6 {[%clk 0:15:58]} 18. Kg1 {[%clk 0:15:20]} g6
{[%clk 0:15:30]} 19. Rfe1 {[%clk 0:15:28]} Nc5 {[%clk 0:15:35]} 20. Ned4
{[%clk 0:15:35]} Ke7 {[%clk 0:15:02]} 21. Kf2 {[%clk 0:15:42]} Rc8
{[%clk 0:15:11]} 22. Ke3 {[%clk 0:15:50]} Na4 {[%clk 0:15:06]} 23. Rb1
{[%clk 0:15:58]} Nc5 {[%clk 0:14:25]} 24. Nxc6+ {[%clk 0:16:05]} Rbxc6
{[%clk 0:14:25]} 25. Nd4 {[%clk 0:16:14]} Rb6 {[%clk 0:14:31]} 26. g4
{[%clk 0:14:46]} Nd7 {[%clk 0:13:59]} 27. h3 {[%clk 0:14:21]} h6 {[%clk 0:13:54]}
28. h4 {[%clk 0:14:09]} a4 {[%clk 0:13:27]} 29. Rh1 {[%clk 0:14:05]} Bc4
{[%clk 0:12:55]} 30. Ra1 {[%clk 0:13:40]} Rbb8 {[%clk 0:12:41]} 31. b3
{[%clk 0:13:14]} Bxd3 {[%clk 0:12:46]} 32. cxd3 {[%clk 0:13:16]} Rc3
{[%clk 0:12:24]} 33. Ne2 {[%clk 0:12:38]} Rc2 {[%clk 0:12:00]} 34. Nd4
{[%clk 0:12:22]} Rc3 {[%clk 0:12:04]} 35. bxa4 {[%clk 0:12:02]} Ra8
{[%clk 0:12:05]} 36. Rhc1 {[%clk 0:11:15]} Rxa4 {[%clk 0:12:00]} 37. Rxc3
{[%clk 0:10:57]} bxc3 {[%clk 0:12:03]} 38. Rc1 {[%clk 0:10:40]} Rxa2
{[%clk 0:12:09]} 39. Rxc3 {[%clk 0:10:49]} Ra8 {[%clk 0:10:09]} 40. Rc7
{[%clk 0:10:48]} Ke8 {[%clk 0:10:10]} 41. Nb5 {[%clk 0:10:35]} Kd8
{[%clk 0:10:07]} 42. Rc6 {[%clk 0:09:33]} Ke7 {[%clk 0:08:48]} 43. Nd6
{[%clk 0:09:40]} g5 {[%clk 0:08:24]} 44. hxg5 {[%clk 0:07:48]} hxg5
{[%clk 0:08:33]} 45. Rc7 {[%clk 0:07:35]} gxf4+ {[%clk 0:06:27]} 46. Kxf4
{[%clk 0:07:41]} Ra4+ {[%clk 0:06:19]} 47. Ke3 {[%clk 0:04:56]} Rxg4
{[%clk 0:05:44]} 48. Nxf7 {[%clk 0:05:04]} Kxf7 {[%clk 0:05:03]} 49. Rxd7+
{[%clk 0:05:13]} Kg6 {[%clk 0:05:11]} 50. d4 {[%clk 0:04:55]} Rg3+
{[%clk 0:05:14]} 51. Ke2 {[%clk 0:04:49]} Kf5 {[%clk 0:05:18]} 52. Rf7+
{[%clk 0:04:58]} Ke4 {[%clk 0:05:27]} 53. Rf6 {[%clk 0:05:07]} Kxd4
{[%clk 0:05:31]} 54. Rxe6 {[%clk 0:05:16]} Ke4 {[%clk 0:05:40]} 55. Rh6
{[%clk 0:04:55]} Kxe5 {[%clk 0:05:46]} 56. Rh4 {[%clk 0:05:02]} Kd6
{[%clk 0:05:55]} 57. Kd2 {[%clk 0:05:08]} Kc5 {[%clk 0:06:04]} 58. Rf4
{[%clk 0:05:14]} d4 {[%clk 0:06:07]} 59. Rf8 {[%clk 0:05:19]} 1/2-1/2